<?xml version="1.0" encoding="UTF-8"?>
<collection xmlns="http://www.loc.gov/MARC21/slim">
 <record>
  <leader>02556nam a22003017a 4500</leader>
  <controlfield tag="001">NCT_19810</controlfield>
  <controlfield tag="008">171111b        xxu||||| |||| 00| 0 vie d</controlfield>
  <datafield tag="999" ind1=" " ind2=" ">
   <subfield code="c">941</subfield>
   <subfield code="d">941</subfield>
  </datafield>
  <datafield tag="020" ind1=" " ind2=" ">
   <subfield code="a">9786047326570</subfield>
   <subfield code="c">26000</subfield>
  </datafield>
  <datafield tag="082" ind1="0" ind2="4">
   <subfield code="2">22nd ed.</subfield>
   <subfield code="a">005.13.075</subfield>
   <subfield code="b">Ng.527</subfield>
  </datafield>
  <datafield tag="100" ind1="1" ind2=" ">
   <subfield code="a">Vũ Thanh Nguyên</subfield>
   <subfield code="e">Biên soạn</subfield>
  </datafield>
  <datafield tag="245" ind1="1" ind2="0">
   <subfield code="a">Giáo trình đặc tả hình thức</subfield>
   <subfield code="c">Vũ Thanh Nguyên, Hầu Nguyễn Thành Nam</subfield>
  </datafield>
  <datafield tag="260" ind1=" " ind2=" ">
   <subfield code="a">Tp. Hồ Chí Minh</subfield>
   <subfield code="b">Nxb. Đại học Quốc Gia Tp. Hồ Chí Minh</subfield>
   <subfield code="c">2015</subfield>
  </datafield>
  <datafield tag="300" ind1=" " ind2=" ">
   <subfield code="a">249tr.</subfield>
   <subfield code="b">Hình vẽ</subfield>
   <subfield code="c">21 cm</subfield>
  </datafield>
  <datafield tag="520" ind1="3" ind2=" ">
   <subfield code="a">Giáo trình Đặc tả hình thức cung cấp cho sinh viên các cơ sở toán học và các phương pháp đặc tả hình thức, ứng dụng đặc tả trong công nghệ phần mềm. Sinh viên được làm quen với hai ngôn ngữ đặc tả quen thuộc nhất là VDM và Z.</subfield>
  </datafield>
  <datafield tag="653" ind1=" " ind2=" ">
   <subfield code="a">Công nghệ thông tin</subfield>
  </datafield>
  <datafield tag="700" ind1="1" ind2=" ">
   <subfield code="a">Hầu Nguyễn Thành Nam</subfield>
  </datafield>
  <datafield tag="942" ind1=" " ind2=" ">
   <subfield code="2">ddc</subfield>
   <subfield code="c">BK</subfield>
  </datafield>
  <datafield tag="952" ind1=" " ind2=" ">
   <subfield code="0">0</subfield>
   <subfield code="1">0</subfield>
   <subfield code="2">ddc</subfield>
   <subfield code="4">0</subfield>
   <subfield code="6">005_130000000000000_075_NG_527</subfield>
   <subfield code="7">0</subfield>
   <subfield code="9">3454</subfield>
   <subfield code="a">000001</subfield>
   <subfield code="b">000001</subfield>
   <subfield code="d">2017-11-11</subfield>
   <subfield code="o">005.13.075 Ng.527</subfield>
   <subfield code="p">MD.02131</subfield>
   <subfield code="r">2017-11-11</subfield>
   <subfield code="v">26000.00</subfield>
   <subfield code="w">2017-11-11</subfield>
   <subfield code="y">BK</subfield>
  </datafield>
  <datafield tag="952" ind1=" " ind2=" ">
   <subfield code="0">0</subfield>
   <subfield code="1">0</subfield>
   <subfield code="2">ddc</subfield>
   <subfield code="4">0</subfield>
   <subfield code="6">005_130000000000000_075_NG_527</subfield>
   <subfield code="7">0</subfield>
   <subfield code="9">3455</subfield>
   <subfield code="a">000001</subfield>
   <subfield code="b">000001</subfield>
   <subfield code="d">2017-11-11</subfield>
   <subfield code="o">005.13.075 Ng.527</subfield>
   <subfield code="p">MD.02132</subfield>
   <subfield code="r">2017-11-11</subfield>
   <subfield code="v">26000.00</subfield>
   <subfield code="w">2017-11-11</subfield>
   <subfield code="y">BK</subfield>
  </datafield>
  <datafield tag="952" ind1=" " ind2=" ">
   <subfield code="0">0</subfield>
   <subfield code="1">0</subfield>
   <subfield code="2">ddc</subfield>
   <subfield code="4">0</subfield>
   <subfield code="6">005_130000000000000_075_NG_527</subfield>
   <subfield code="7">0</subfield>
   <subfield code="9">3456</subfield>
   <subfield code="a">000001</subfield>
   <subfield code="b">000001</subfield>
   <subfield code="d">2017-11-11</subfield>
   <subfield code="o">005.13.075 Ng.527</subfield>
   <subfield code="p">MD.02133</subfield>
   <subfield code="r">2017-11-11</subfield>
   <subfield code="v">26000.00</subfield>
   <subfield code="w">2017-11-11</subfield>
   <subfield code="y">BK</subfield>
  </datafield>
  <datafield tag="952" ind1=" " ind2=" ">
   <subfield code="0">0</subfield>
   <subfield code="1">0</subfield>
   <subfield code="2">ddc</subfield>
   <subfield code="4">0</subfield>
   <subfield code="6">005_130000000000000_075_NG_527</subfield>
   <subfield code="7">0</subfield>
   <subfield code="9">3457</subfield>
   <subfield code="a">000001</subfield>
   <subfield code="b">000001</subfield>
   <subfield code="d">2017-11-11</subfield>
   <subfield code="o">005.13.075 Ng.527</subfield>
   <subfield code="p">MD.02134</subfield>
   <subfield code="r">2017-11-11</subfield>
   <subfield code="v">26000.00</subfield>
   <subfield code="w">2017-11-11</subfield>
   <subfield code="y">BK</subfield>
  </datafield>
  <datafield tag="952" ind1=" " ind2=" ">
   <subfield code="0">0</subfield>
   <subfield code="1">0</subfield>
   <subfield code="2">ddc</subfield>
   <subfield code="4">0</subfield>
   <subfield code="6">005_130000000000000_075_NG_527</subfield>
   <subfield code="7">0</subfield>
   <subfield code="9">3458</subfield>
   <subfield code="a">000001</subfield>
   <subfield code="b">000001</subfield>
   <subfield code="d">2017-11-11</subfield>
   <subfield code="o">005.13.075 Ng.527</subfield>
   <subfield code="p">MD.02135</subfield>
   <subfield code="r">2017-11-11</subfield>
   <subfield code="v">26000.00</subfield>
   <subfield code="w">2017-11-11</subfield>
   <subfield code="y">BK</subfield>
  </datafield>
  <datafield tag="952" ind1=" " ind2=" ">
   <subfield code="0">0</subfield>
   <subfield code="1">0</subfield>
   <subfield code="2">ddc</subfield>
   <subfield code="4">0</subfield>
   <subfield code="6">005_130000000000000_075_NG_527</subfield>
   <subfield code="7">0</subfield>
   <subfield code="9">3459</subfield>
   <subfield code="a">000001</subfield>
   <subfield code="b">000001</subfield>
   <subfield code="d">2017-11-11</subfield>
   <subfield code="o">005.13.075 Ng.527</subfield>
   <subfield code="p">MD.02136</subfield>
   <subfield code="r">2017-11-11</subfield>
   <subfield code="v">26000.00</subfield>
   <subfield code="w">2017-11-11</subfield>
   <subfield code="y">BK</subfield>
  </datafield>
  <datafield tag="952" ind1=" " ind2=" ">
   <subfield code="0">0</subfield>
   <subfield code="1">0</subfield>
   <subfield code="2">ddc</subfield>
   <subfield code="4">0</subfield>
   <subfield code="6">005_130000000000000_075_NG_527</subfield>
   <subfield code="7">0</subfield>
   <subfield code="9">3460</subfield>
   <subfield code="a">000001</subfield>
   <subfield code="b">000001</subfield>
   <subfield code="d">2017-11-11</subfield>
   <subfield code="o">005.13.075 Ng.527</subfield>
   <subfield code="p">MD.02137</subfield>
   <subfield code="r">2017-11-11</subfield>
   <subfield code="v">26000.00</subfield>
   <subfield code="w">2017-11-11</subfield>
   <subfield code="y">BK</subfield>
  </datafield>
  <datafield tag="952" ind1=" " ind2=" ">
   <subfield code="0">0</subfield>
   <subfield code="1">0</subfield>
   <subfield code="2">ddc</subfield>
   <subfield code="4">0</subfield>
   <subfield code="6">005_130000000000000_075_NG_527</subfield>
   <subfield code="7">0</subfield>
   <subfield code="9">3461</subfield>
   <subfield code="a">000001</subfield>
   <subfield code="b">000001</subfield>
   <subfield code="d">2017-11-11</subfield>
   <subfield code="o">005.13.075 Ng.527</subfield>
   <subfield code="p">MD.02138</subfield>
   <subfield code="r">2017-11-11</subfield>
   <subfield code="v">26000.00</subfield>
   <subfield code="w">2017-11-11</subfield>
   <subfield code="y">BK</subfield>
  </datafield>
  <datafield tag="952" ind1=" " ind2=" ">
   <subfield code="0">0</subfield>
   <subfield code="1">0</subfield>
   <subfield code="2">ddc</subfield>
   <subfield code="4">0</subfield>
   <subfield code="6">005_130000000000000_075_NG_527</subfield>
   <subfield code="7">0</subfield>
   <subfield code="9">3462</subfield>
   <subfield code="a">000001</subfield>
   <subfield code="b">000001</subfield>
   <subfield code="d">2017-11-11</subfield>
   <subfield code="o">005.13.075 Ng.527</subfield>
   <subfield code="p">MD.02139</subfield>
   <subfield code="r">2017-11-11</subfield>
   <subfield code="v">26000.00</subfield>
   <subfield code="w">2017-11-11</subfield>
   <subfield code="y">BK</subfield>
  </datafield>
  <datafield tag="980" ind1=" " ind2=" ">
   <subfield code="a">Thư viện Trường Đại học Nam Cần Thơ</subfield>
  </datafield>
 </record>
</collection>
